|
|
|
|
| LEADER |
02306nam a2200613 i 4500 |
| 001 |
nkc20193098307 |
| 003 |
CZ PrNK |
| 005 |
20200513135449.0 |
| 007 |
ta |
| 008 |
190520t20192019xr ab f 100 0 cze |
| 015 |
|
|
|a cnb003098307
|
| 020 |
|
|
|a 978-80-02-02868-0
|q (Český svaz vědeckotechnických společností ;
|q brožováno)
|
| 035 |
|
|
|a (OCoLC)1200247142
|
| 040 |
|
|
|a ABA001
|b cze
|e rda
|
| 043 |
|
|
|a e-xr---
|
| 072 |
|
7 |
|a 630
|x Lesnictví
|2 Konspekt
|9 24
|
| 080 |
|
|
|a 582.091/.097:630
|2 MRF
|
| 080 |
|
|
|a 630.232
|2 MRF
|
| 080 |
|
|
|a 631.52
|2 MRF
|
| 080 |
|
|
|a 575.113
|2 MRF
|
| 080 |
|
|
|a 630.2
|2 MRF
|
| 080 |
|
|
|a 630.235
|2 MRF
|
| 080 |
|
|
|a (437.3)
|2 MRF
|
| 080 |
|
|
|a (062.534)
|2 MRF
|
| 111 |
2 |
|
|a Semenné sady ve vztahu k zachování a zlepšení genofondu lesních dřevin v ČR (seminář)
|d (2019 :
|c Chlumec nad Cidlinou, Česko)
|7 ko20201069000
|4 aut
|
| 245 |
1 |
0 |
|a Semenné sady ve vztahu k zachování a zlepšení genofondu lesních dřevin v ČR :
|b sborník příspěvků : 13.6.2019, Chlumec nad Cidlinou
|
| 250 |
|
|
|a 1. vydání
|
| 264 |
|
1 |
|a [Praha] :
|b Česká lesnická společnost, z.s.,
|c [2019]
|
| 264 |
|
4 |
|c ©2019
|
| 300 |
|
|
|a 42 stran :
|b ilustrace, 1 mapa ;
|c 30 cm
|
| 336 |
|
|
|a text
|b txt
|2 rdacontent
|
| 337 |
|
|
|a bez média
|b n
|2 rdamedia
|
| 338 |
|
|
|a svazek
|b nc
|2 rdacarrier
|
| 504 |
|
|
|a Obsahuje bibliografie
|
| 650 |
0 |
7 |
|a lesní dřeviny
|7 ph115112
|2 czenas
|
| 650 |
0 |
7 |
|a semenáčky
|7 ph125477
|2 czenas
|
| 650 |
0 |
7 |
|a šlechtění rostlin
|7 ph127830
|2 czenas
|
| 650 |
0 |
7 |
|a genofondy
|7 ph120496
|2 czenas
|
| 650 |
0 |
7 |
|a pěstování lesa
|7 ph124859
|z Česko
|2 czenas
|
| 650 |
0 |
7 |
|a lesní školky
|7 ph198754
|z Česko
|2 czenas
|
| 650 |
0 |
9 |
|a forest woody plants
|2 eczenas
|
| 650 |
0 |
9 |
|a seedlings
|2 eczenas
|
| 650 |
0 |
9 |
|a plant breeding
|2 eczenas
|
| 650 |
0 |
9 |
|a genofunds
|2 eczenas
|
| 650 |
0 |
9 |
|a forest cultivation
|z Czechia
|2 eczenas
|
| 650 |
0 |
9 |
|a forest nurseries
|z Czechia
|2 eczenas
|
| 655 |
|
7 |
|a sborníky konferencí
|7 fd133333
|2 czenas
|
| 655 |
|
9 |
|a proceedings of conferences
|2 eczenas
|
| 710 |
2 |
|
|a Česká lesnická společnost
|7 kn20020911008
|4 orm
|4 isb
|
| 910 |
2 |
|
|a BOA001
|b 4-1445.289
|
| 990 |
|
|
|a BK
|
| 995 |
|
|
|a 01
|
| 991 |
|
|
|b 202005
|c NOV
|
| 996 |
6 |
|
|b 2610817060
|c 4-1445.289
|l MZK
|r Sklad / do 1 hodiny
|n 0
|p p.v.
|w 001785376
|u 000010
|a 1
|e BOA001
|j MZK50
|s P
|